jealousy, jealousy (Lyrics)- Olivia Rodrigo - Statistics

General Stats
  • This quiz has been taken 136 times
  • The average score is 254 of 300
Answer Stats
Answer % Correct
I
100%
i
100%
a
97%
be
97%
know
95%
my
95%
My
95%
so
95%
to
95%
all
94%
All
94%
and
94%
And
94%
go
94%
is
94%
jealousy
94%
Jealousy
94%
me
94%
don't
92%
I'm
92%
the
92%
win
92%
Co-comparison
91%
myself
91%
of
91%
sick
91%
car
89%
too
89%
wanna
89%
you
89%
killin'
88%
much
88%
see
88%
then
88%
think
88%
who
88%
are
86%
cool
86%
rather
86%
Rather
86%
slowly
86%
yeah
86%
'Bout
85%
it
85%
kids
85%
your
85%
Anyone
83%
anyone
83%
'Cause
83%
else
83%
every
83%
room
83%
you're
83%
across
82%
kinda
82%
But
80%
but
80%
friends
80%
girls
80%
not
80%
perfect
80%
phone
80%
true
80%
With
80%
boyfriend
78%
can't
78%
good
78%
in
78%
In
78%
teeth
78%
throw
78%
white
78%
happy
77%
night
77%
pretty
77%
daddy's
75%
face
75%
followin'
75%
Got
75%
I'd
75%
it's
75%
life
75%
livin'
75%
out
75%
bodies
74%
Oh
74%
bad
72%
should
72%
what
72%
on
71%
that
71%
want
71%
even
69%
let
69%
care
68%
for
68%
lack
68%
prettier
68%
didn't
66%
like
66%
paper
66%
started
66%
Started
66%
Happier
65%
Wish
65%
back
63%
beauty's
63%
nice
63%
them
63%
weight
63%
gettin'
62%
help
62%
loss
62%
feels
60%
Just
60%
their
60%
Their
60%
things
60%
God
58%
photos
58%
vacation
58%
vintage
58%
again
57%
clothes
57%
stand
57%
caught
52%
crazy
51%
sound
51%
everyone
49%
losin'
48%
up
48%
get's
28%
No matching quizzes found
Score Distribution
Percent of People with Each Score
Percentile by Number Answered
Your Score History
You have not taken this quiz